Desarrollo fonológico infantil en el norte de Portugal
-д хадгалсан:
| Үндсэн зохиолч: | |
|---|---|
| Формат: | Ном |
| Хэл сонгох: | испани |
| Хэвлэсэн: |
Salamanca
Universidad Pontificia de Salamanca
2004
|
| Цуврал: | Tesis, 17
|
| Нөхцлүүд: | |
| Шошгууд: |
Шошго нэмэх
Шошго байхгүй, Энэхүү баримтыг шошголох эхний хүн болох!
|
MARC
| LEADER | 00000nam a2200000 a 4500 | ||
|---|---|---|---|
| 001 | UCK3934 | ||
| 003 | CL-VaPUC | ||
| 008 | 050513e20040000SP |||||||||||||||||spa|d | ||
| 020 | |a 8472996255 | ||
| 082 | 0 | 4 | |a 469.1 |b LIM |2 21 |
| 100 | |a Lima, Rosa María |e autora |9 492317 | ||
| 245 | 1 | 0 | |a Desarrollo fonológico infantil en el norte de Portugal |
| 300 | |a 101 p | ||
| 942 | |c BK | ||
| 945 | |d 20050513 00:00:00 |a jcarroza | ||
| 260 | |a Salamanca |b Universidad Pontificia de Salamanca |c 2004 | ||
| 500 | |a Extracto de Tesis Doctoral | ||
| 650 | 0 | |a Fonética |9 308371 | |
| 650 | 7 | |a PORTUGUES |2 CL-VaPUC |9 342493 | |
| 650 | 0 | |a Fonología |9 341074 | |
| 650 | 0 | |a Niños |9 255605 | |
| 651 | 7 | |a PORTUGAL |2 CL-VaPUC |9 255007 | |
| 583 | |a last modification |c 20050513 00:00:00 |k Rodrigo Vera | ||
| 490 | 0 | |a Tesis, 17 | |
| 999 | |c 312979 |d 312977 | ||
| 952 | |0 0 |1 0 |4 0 |6 469_100000000000000_LIM_2004 |7 0 |8 A |9 383996 |a BIBEDU |b BIBEDU |d 2019-11-22 |i 4117905 |o 469.1 LIM 2004 |p 4117905 |r 2019-11-22 |w 2019-11-22 |y BK |k FIL | ||